000 00222nam a22000857a 4500
008 161111b xxu||||| |||| 00| 0 eng d
100 _91149
_aSharma.N.
245 _aTogether with English
260 _aNew Delhi
_bRachna Sagar
_c2001
999 _c3809
_d3809